Éra e-mailu sa končí, zabíja ho komunikačné maximum

Problém komunikačného maxima sa stále zhoršuje aj napriek príchodu iPhonov a iných smartfónov, ktoré by mali zjednodušiť život. Najväčšiu budúcnosť má jednoduchý text. Jednoduchá textová aplikácia umožňuje interakciu s množstvom iných programov. Slack sa snaží preniesť toto riešenie do sféry pracovn...

Description complète

Enregistré dans:
Détails bibliographiques
Auteur principal: Šalapa, Juraj
Format: Chapitre de livre
Langue:slovaque
Sujets:
Tags: Ajouter un tag
Pas de tags, Soyez le premier à ajouter un tag!

MARC

LEADER 00000naa a2200000 4500
001 0223342
005 20231113105617.4
041 0 |a slo 
044 |a SK 
245 1 0 |a Éra e-mailu sa končí, zabíja ho komunikačné maximum  |c Juraj Šalapa 
520 |a Problém komunikačného maxima sa stále zhoršuje aj napriek príchodu iPhonov a iných smartfónov, ktoré by mali zjednodušiť život. Najväčšiu budúcnosť má jednoduchý text. Jednoduchá textová aplikácia umožňuje interakciu s množstvom iných programov. Slack sa snaží preniesť toto riešenie do sféry pracovného e-mailu. V budúcnosti zapne architekt, účtovník a sekretárka ten istý a najmä jeden Program. 
610 2 0 |a technológie informačné 
610 2 0 |a technológie komunikačné 
610 2 0 |a softvér 
610 2 0 |a práca 
610 2 0 |a komunikácia elektronická 
610 2 0 |a pošta elektronická 
610 2 0 |a telefón mobilný 
100 1 |a Šalapa, Juraj